Considerations on the establishment of a regency.

Bibliographic Details
Main Author: Grenville, William Wyndham Grenville, Baron, 1759-1834
Format: eBook
Language:English
Series:Eighteenth century collections online.
Online Access:Full text online

MARC

Tag First Indicator Second Indicator Subfields
LEADER 00000cam a2200000 4500
001 in00001865614
006 m | d |
007 cr |n||||||||n
008 870331s1788 ie |||| s 00| ||eng d
005 20260407221719.0
035 |a (CStRLIN)ESTCN27234 
040 |a Cu-RivES  |c Cu-RivES  |d Uk-ES  |d CStRLIN  |d Thomson Gale  |d UtOrBLW 
100 1 |a Grenville, William Wyndham Grenville,  |c Baron,  |d 1759-1834. 
245 1 0 |a Considerations on the establishment of a regency. 
264 3 |a Dublin :  |b printed by P. Byrne,  |c 1788. 
300 |a 55, 1 unnumbered page ;  |c 8⁰. 
336 |a text  |b txt  |2 rdacontent 
337 |a computer  |b c  |2 rdamedia 
338 |a online resource  |b cr  |2 rdacarrier 
500 |a Anonymous. By William Wyndham Grenville, Baron Grenville. 
500 |a Reproduction of original from the "Department of Special Collections, Kenneth Spencer Research Library, University of Kansas". 
510 4 |a English Short Title Catalog,  |c ESTCN27234. 
533 |a Electronic reproduction.  |b Farmington Hills, Mich. :  |c Thomson Gale,  |d 2003.  |n Available via the World Wide Web.  |n Access limited by licensing agreements  |7 s2003 miunns 
500 |a Electronic resource. 
830 0 |a Eighteenth century collections online. 
856 4 0 |u http://proxy.library.tamu.edu/login?url=https://galenet.galegroup.com/servlet/ECCO?c=1&stp=Author&ste=11&af=BN&ae=N027234&tiPG=1&dd=0&dc=flc&docNum=CW107772595&vrsn=1.0&srchtp=a&d4=0.33&n=10&SU=0LRL+OR+0LRI&locID=txshracd2898  |z Full text online  |t 0 
999 |a MARS 
999 f f |s a43d6f45-4691-399b-ba05-6f13a7b64b7d  |i 66090c69-509c-335f-b252-f52a55727537  |t 0 
952 f f |a Texas A&M University  |b College Station  |c Electronic Resources  |s www_evans  |d Available Online  |t 0  |h No information provided 
998 f f |t 0  |l Available Online